Представление документа в формате RUSMARC

ПолеНазваниеЗначение
  Тип записи a
  Библиографический уровень m
001 Контрольный номер RU/УОНБ/EK/492614029
005 Дата корректировки 20251209135437.4
010 Индекс ISBN __
d Цена 15 р.
9 Тираж 25000 экз.
b Уточнения в пер.
100 Данные общей обработки __
a Данные общей обработки 20150811d1955 m y0rusy0189||||ca
101 Язык документа 0_
a Язык текста rus
102 Страна публикации __
a Страна публикации RU
105 Кодированные данные (монография) __
a Кодированные данные (монография) a z 000ay
200 Заглавие и сведения об ответственности 1_
a Заглавие Поэмы. 1828-1834
f Первые сведения об ответственности ред. Б.В. Томашевский
210 Выходные данные __
d Дата издания 1955
215 Физическое описание __
a Объем 328 с.
c Иллюстрации/тип воспроизводства ил., 7 л. ил.
461 Уровень набора _0
1 001RU/УОНБ/EK/492612564
1 2001
a Сочинения
e в 6 т.
f М.Ю. Лермонтов
g Акад. наук СССР, Ин-т рус. литературы (Пушкинский Дом)
g [ред. Н.Ф. Бельчиков и др.]
v Т. 3
1 2101
a М.
a Л.
c Изд-во АН СССР
d 1954 -
606 Тематические рубрики __
a Основная рубрика Стихи (х. л.)
610 Ключевые слова __
a Ключевые слова поэмы русские
686 Индексы других классификаций __
a Классификационный индекс 84Р1
2 Код системы rubbk
702 Вторичная интеллектуальная ответственность _1
a Фамилия Томашевский
b Имя (инициалы) Б.В.
4 Код отношения 340
801 Источник записи _0
a Страна RU
b Организация Ульяновская ОНБ
c Дата составления 20150811
g Правила каталогизации RCR
801 Источник записи _1
a Страна RU
b Организация Ульяновская ОНБ
c Дата составления 20150811
g Правила каталогизации RCR
901 Тип документа __
t Тип документа n
w Контрольный № источника RU/УОНБ/EK/492612564
909 Создатель записи __
a Создатель записи Жаббарова
938 Служебная информация __
a Имя БД retro
b Имя библиотеки УОНБ
c Имя АИБС МАРК-SQL
d Номер DOC_ID в БД 150872